[Event "Titled Tuesday intern op 01st Aug Late"]
[Site "Chess.com INT"]
[Date "2023.08.01"]
[Round "1"]
[White "Gerbelli Neto, Eduardo"]
[Black "Jimenez Almeida, Luis David"]
[Result "0-1"]
[WhiteElo "2114"]
[BlackElo "2242"]
[PlyCount "128"]
[EventDate "2023.08.01"]
[EventType "swiss (blitz)"]
[EventRounds "11"]
[EventCountry "USA"]
[SourceTitle "EXT 2024"]
[Source "ChessBase"]
[SourceDate "2023.10.10"]
[SourceVersion "1"]
[SourceVersionDate "2023.10.10"]
[SourceQuality "1"]

1. e4 c5 2. Nc3 a6 3. f4 b5 4. g3 Bb7 5. Bg2 e6 6. d3 Nf6 7. Nh3 b4 8. Na4 d5 9. e5 Nfd7 10. 0-0 g6 11. b3 Nc6 12. Be3 Rc8 13. Ng5 h6 14. Nf3 Be7 15. Qd2 a5 16. Qf2 Na7 17. d4 c4 18. Rac1 Nb5 19. Nd2 Na3 20. Nc5 Nxc5 21. dxc5 c3 22. Nf3 Qc7 23. Nd4 Bxc5 24. g4 Ba6 25. Rfe1 Nb5 26. Nxb5 Bxb5 27. f5 0-0 28. Qh4 Bxe3+ 29. Rxe3 Kh7 30. Rh3 h5 31. gxh5 gxf5 32. Qf6 Qd8 33. Rg3 Qxf6 34. exf6 Rg8 35. Kf2 Kh6 36. Rg1 Rxg3 37. hxg3 Kxh5 38. Bf3+ Kg5 39. Rh1 Kxf6 40. Rh7 a4 41. Ke3 axb3 42. axb3 Rg8 43. Kf2 Bd3 44. cxd3 c2 45. Rh1 Rc8 46. Rc1 Rc3 47. Ke3 Ke5 48. Kd2 Kd4 49. Rxc2 Rxd3+ 50. Ke2 Rxb3 51. Rc7 Rb2+ 52. Kf1 f6 53. Bd1 Rb1 54. Ke2 Rb2+ 55. Ke1 e5 56. Rc6 Ke3 57. Rxf6 e4 58. Rxf5 Rh2 59. Rf1 d4 60. Bb3 d3 61. Kd1 Rb2 62. Re1+ Kd4 63. Bf7 e3 64. Kc1 d2+ 0-1

[Event "Titled Tuesday intern op 18th Jul Early"]
[Site "Chess.com INT"]
[Date "2023.07.18"]
[Round "7"]
[White "Jimenez Almeida, Luis David"]
[Black "Nouri, Alekhine"]
[Result "1/2-1/2"]
[WhiteElo "2242"]
[BlackElo "2231"]
[PlyCount "146"]
[EventDate "2023.07.18"]
[EventType "swiss (blitz)"]
[EventRounds "11"]
[EventCountry "USA"]
[SourceTitle "EXT 2024"]
[Source "ChessBase"]
[SourceDate "2023.10.10"]
[SourceVersion "1"]
[SourceVersionDate "2023.10.10"]
[SourceQuality "1"]

1. e4 c5 2. Nc3 Nc6 3. Nge2 g6 4. g3 Bg7 5. d3 d6 6. Be3 Nf6 7. h3 0-0 8. Qd2 Rb8 9. a4 a6 10. Bg2 b5 11. axb5 axb5 12. 0-0 b4 13. Nd1 Bb7 14. Bh6 Ra8 15. Rxa8 Qxa8 16. Bxg7 Kxg7 17. Ne3 Qa2 18. b3 Ba6 19. Kh2 Bb5 20. g4 Nd7 21. Nd5 e6 22. Nc7 Rb8 23. Ng3 Nd4 24. Nxb5 Rxb5 25. Qg5 f6 26. Nh5+ Kf7 27. Qh6 gxh5 28. Qxh7+ Ke8 29. gxh5 Qxc2 30. Qg6+ Kd8 31. h6 Kc7 32. h7 Rb8 33. Qg8 Rxg8 34. hxg8Q Qxb3 35. Ra1 Nc6 36. e5 d5 37. exf6 Qc3 38. Re1 Qxf6 39. Rxe6 Qf4+ 40. Qg3 Qxg3+ 41. Kxg3 Nb6 42. h4 b3 43. Re1 c4 44. dxc4 dxc4 45. h5 Nd4 46. Be4 Nd7 47. Rc1 Ne5 48. Kg2 b2 49. Rd1 c3 50. Rxd4 Kb6 51. Rb4+ Kc5 52. Rb8 Kd4 53. Bc2 Nc4 54. Rd8+ Kc5 55. h6 Na3 56. Be4 c2 57. Bxc2 Nxc2 58. Rb8 Nb4 59. Rc8+ Kb6 60. h7 b1Q 61. h8Q Qg6+ 62. Kf1 Qd3+ 63. Kg1 Qg6+ 64. Kh1 Qe4+ 65. Kg1 Qg4+ 66. Kh2 Qf4+ 67. Kg2 Qg4+ 68. Kh2 Qf4+ 69. Kg1 Qg4+ 70. Kf1 Qd1+ 71. Kg2 Qg4+ 72. Kh1 Qe4+ 73. Kg1 Qg4+ 1/2-1/2